| 000 | 00514pab a2200181 454500 | ||
|---|---|---|---|
| 008 | 180718b2009 xxu||||| |||| 00| 0 eng d | ||
| 100 | _aYilmaz, Serdar | ||
| 245 | _aDecentralization in Ghana: Local government discretion and accountability | ||
| 260 | _c2009 | ||
| 300 | _ap.62-87. | ||
| 650 | _aAccountability - Ghana | ||
| 650 | _aLocal government - Ghana | ||
| 650 | _aDecentralization - Ghana | ||
| 650 | _aDecentralization | ||
| 773 | _aRegional Development Dialogue | ||
| 908 | _aN | ||
| 909 | _a91610 | ||
| 999 |
_c91610 _d91610 |
||